000 004450000a22001810004500
003 MACL
005 20160105140732.0
008 160105b xxu||||| |||| 00| 0 eng d
040 _aMACL
_cMACL
041 _aEnglish
082 _a823.301/DES
100 _aDesai, Morarji
_928059
245 _aThe Story of My Life
_bVolume 1
260 _bMacmillan
_c1974
_aIndia
350 _a125
650 _aStories
_928060
942 _cBK
_k823.301/DES
_2ddc
999 _c35771
_d35771